MARC

LEADER 00000nam0a2200000 4500
001 365281
005 20231102011753.0
035 |a (RuTPU)RU\TPU\retro\22644 
090 |a 365281 
100 |a 20211222d1981 k y0rusy50 ca 
101 0 |a rus 
102 |a UA 
105 |a a z 001zy 
200 1 |a Методы диакоптики в электронике  |e монография  |f В. Г. Слипченко, Г. Н. Елизаренко 
210 |a Киев  |c Вища школа  |d 1981 
215 |a 208 с.  |c ил. 
320 |a Библиогр.: с. 198-205 
606 1 |a Схемотехника  |2 stltpush  |3 (RuTPU)RU\TPU\subj\58366  |9 76159 
610 1 |a сложные схемы 
610 1 |a моделирование 
610 1 |a диакоптика 
610 1 |a многополюсники 
610 1 |a математические модели 
675 |a 621.38.061  |v 4 
700 1 |a Слипченко  |b В. Г.  |g Владимир Георгиевич 
701 1 |a Елизаренко  |b Г. Н.  |g Геннадий Николаевич 
801 1 |a RU  |b 63413507  |c 20211222 
942 |c BK